000
00346nam a2200157Ia 4500
100
_a
Beatty/Millard F
650
_a
Mechanics
490
_v
1
942
_c
BK
245
_a
Principles of Engineering Mechanics-Kinematics
260
_b
Springer
_c
1985
082
_a
620.1
_b
BEA
300
_a
396
546
_a
ENGLISH
_c
Info.Tech
999
_c
33677
_d
33677